000 00486nam a22001817a 4500
003 CEME
005 20210628205434.0
008 210316b xxu||||| |||| 00| 0 eng d
020 _a1-55828-468-0
040 _c.
082 _a005.7 ERD'A
100 _aAubrey, Anin Erdos, Dawn
_975554
245 _aAcrobat by example
260 _aUSA
_bMIS PRESS
_c1996
300 _aXV, 384P
650 _aELECTRONIC PUBISHING ADOBE ACROBAT PORTABLE DOCUMENT SOFTWARE
_975555
942 _cBK
_2ddc
999 _c580954
_d580954